| 000 | 00796nam a2200253 i 4500 | ||
|---|---|---|---|
| 001 | 6910 | ||
| 003 | ES-MaACL | ||
| 005 | 20230906145123.0 | ||
| 007 | t| | ||
| 008 | 900712s1986 sp a |||| | spa d | ||
| 020 | _a84-345-8399-2 | ||
| 080 | _a502(035) | ||
| 080 | _a113/119(035) | ||
| 100 | 1 |
_aStevens, Peter S. _9108161 |
|
| 245 | 1 | 0 |
_aPatrones y pautas en la naturaleza / _cPeter S. Stevens. |
| 260 |
_aBarcelona : _bSalvat, _c1986. |
||
| 300 |
_a293 p. : _bil. ; _c19 cm. |
||
| 490 | 1 |
_aBiblioteca científica Salvat ; _v55 |
|
| 650 | 1 | 4 |
_aNaturaleza- _vObras de divulgación. _915483 |
| 650 | 4 |
_aFilosofía de la naturaleza- _vObras de divulgación. _912840 |
|
| 830 | 0 |
_aBiblioteca científica Salvat ; _v55 _9177703 |
|
| 852 |
_aES-MaACL _jL-14140 _z. - rust. |
||
| 999 |
_c6910 _d6910 |
||